LIBRARY & INFORMATION CENTRE, KCAET, TAVANUR

ONLINE PUBLIC ACCESS CATALOGUE (OPAC)

Poombazham (Record no. 17841)

MARC details
000 -LEADER
fixed length control field 00373nam a2200145Ia 4500
003 - CONTROL NUMBER IDENTIFIER
control field OSt
008 - FIXED-LENGTH DATA ELEMENTS--GENERAL INFORMATION
fixed length control field 200919s9999||||xx |||||||||||||| ||und||
041 ## - LANGUAGE CODE
Language code of text/sound track or separate title mal
082 ## - DEWEY DECIMAL CLASSIFICATION NUMBER
Classification number 894.812 3
Item number NEE-M
100 ## - MAIN ENTRY--AUTHOR NAME
Personal name Neelakanda Pillai Karoor
245 #0 - TITLE STATEMENT
Title Poombazham
260 ## - PUBLICATION, DISTRIBUTION, ETC. (IMPRINT)
Place of publication Kottayam
Name of publisher Sahitya Pravarthaka Co-operative Society Limited
Year of publication 1963
300 ## - PHYSICAL DESCRIPTION
Number of Pages 100p
942 ## - ADDED ENTRY ELEMENTS (KOHA)
Koha item type Books
Holdings
Withdrawn status Lost status Damaged status Home library Current library Date acquired Full call number Accession Number Koha item type
Withdrawn     KAUAET KAUAET 14/11/2023 894.812 3 NEE-M 5881 Books
free website counter